000 01802cam a22004694i 4500
003 PE-LiUPU
005 20250731184558.0
008 150706s r 000 0 d
020 _a8471669706
035 _a(Sirsi) i9788471669704
040 _aPE-LiUPU
_bspa
_cPE-LiUPU
_erda
049 _aPRUA
082 0 4 _a920
_bM22
_221
100 1 _aMangia, Paola,
_eautor.
245 1 0 _aPor que se hicieron famosos :
_bMozart.
264 1 _aMadrid :
_bEDAF,
_c1984.
300 _a60 páginas :
_bilustraciones ;
_c30centímetros
336 _atext
_2rdacontent
337 _aunmediated
_2rdamedia
338 _avolume
_2rdacarrier
505 0 _aEl primer juguete de Wolfgang: un clavicémbalo -- Homenaje a la futura reina de Francia -- El segundo viaje de los niños prodigio -- Después del niño prodigio, el músico -- Terminan las exhibiciones por el mundo, mientras comienza una nueva vida -- ¡Viva el joven maestro! -- El regreso al hogar -- Wolfgang vuela con alas propias -- El precio de la independencia -- Fichas -- Sinopsis cronológica.
526 _aP136
526 _aP135
526 _aP134
526 _aP133
526 _aP144
526 _aP143
526 _aP87
526 _aP35
526 _aP20
526 _aP14
526 _aP10
526 _aP06
650 0 4 _aBiografías.
910 _a
942 _2ddc
_cBOOK
949 _a920 M22
_wDEWEY
_c1
_i25722
_d2016-8-29
_e2016-8-29
_lCCODEBUL1
_mBUL
_n4
_r0
_sY
_tBOOK
_u2015-7-6
_xEDUCACION
_zUNKNOWN
_0COMPRA
_o.STAFF. Colección General
994 _aC0
_bPEPRU
596 _a1
999 _a920 M22
_wDEWEY
_c51491
_i25722
_d51491
_e2019-8-24
_f2021-11-9
_g5
_lCCODEBUL1
_mBUL
_n10
_q4
_r0
_sY
_tBOOK
_u2015-7-6
_xEDUCACION
_zUNKNOWN
_0COMPRA
_o.STAFF. Colección General
980 _81
_gALBERTO SANCHEZ Responsable de Automatización